| 000 | 00660nam a2200229Ia 4500 | ||
|---|---|---|---|
| 005 | 20260429111903.0 | ||
| 008 | 260429s9999||||xx |||||||||||||| ||und|| | ||
| 020 | _a9788184845150 | ||
| 041 | _aEnglish | ||
| 082 |
_a020.68 _bBAL |
||
| 100 | _aBalasubramain, P | ||
| 245 | 0 |
_aQuality management in library and information science / _cP Balasubramain |
|
| 260 |
_aNew Delhi : _bRegal Publications, _c2016. |
||
| 300 | _axiii, 108 p.; hb | ||
| 650 | _a Information science | ||
| 650 | _a Library administration | ||
| 650 | _a Quality management | ||
| 650 | _a Service quality | ||
| 650 | _aLibrary management | ||
| 700 | _a John, Paul | ||
| 942 | _cTB | ||
| 999 |
_c51284 _d51284 |
||